| 000 | 01006nab a2200229 i 4500 | ||
|---|---|---|---|
| 001 | 768714001 | ||
| 003 | CO-MdFUSB | ||
| 005 | 20240731131129.0 | ||
| 008 | 240731t1988 -us||||| |||| 00| 0 eng d | ||
| 040 |
_bspa _cCO-MdFUSB _dCO-MdFUSB |
||
| 041 | _aeng | ||
| 100 |
_aHockin, Katharine B., _eautor |
||
| 245 |
_aMy pilgrimage in mission _c/ Katharine B. Hockin |
||
| 520 | _aEl autor presenta su propia peregrinación, utilizando un enfoque de corrientes y énfasis surgidos de la historia de las "Décadas en Misión" tal como se desarrollaron a partir del tiempo de aniversario de reflexión y descubrimiento. | ||
| 546 | _aTexto en inglés. | ||
| 650 | 0 |
_aMisiones _9154 |
|
| 650 | 7 |
_aMisioneros _9931 |
|
| 650 | 0 |
_aBiografías cristianas _91238 |
|
| 773 | 0 |
_049483 _982885 _oR2713 _tInternational Bulletinof Missionary Research _w(CO-MdFUSB)768714001 _x0272-6122 _gVolumen 12, (número 1, 1988), páginas: 23 - 30 _qpágina: 23 |
|
| 942 | _cANA | ||
| 945 | _aCatherine Arias Álvarez - Practicante SENA | ||
| 999 |
_c70646 _d70646 |
||